[Event "ESP-chT1"]
[Site "Mondariz"]
[Date "2002.09.12"]
[Round "4.2"]
[White "Vega Holm, Fernando"]
[Black "Rodriguez Cespedes, Amador"]
[Result "1/2-1/2"]
[WhiteElo "2403"]
[BlackElo "2484"]
[PlyCount "62"]
[EventDate "2002.09.04"]
[EventType "team"]
[EventRounds "6"]
[EventCountry "ESP"]
[SourceTitle "CBM 090 Extra"]
[Source "ChessBase"]
[SourceDate "2002.11.07"]
[SourceVersion "1"]
[SourceVersionDate "2002.11.07"]
[SourceQuality "1"]

1. c4 Nf6 2. g3 e6 3. Nf3 d5 4. b3 Be7 5. Bb2 0-0 6. Bg2 b6 7. 0-0 Bb7 8. e3 Nbd7 9. Nc3 c5 10. cxd5 Nxd5 11. Qe2 N7f6 12. Rfd1 Nxc3 13. dxc3 Qc7 14. c4 Rad8 15. Ne5 Bxg2 16. Kxg2 Ne4 17. Rxd8 Rxd8 18. Rd1 Rxd1 19. Qxd1 f6 20. Qg4 f5 21. Qh5 Nd6 22. Qf3 Ne4 23. Qh5 Nd6 24. g4 Qb7+ 25. f3 Bf6 26. g5 Bxe5 27. Bxe5 Nf7 28. Bb2 g6 29. Qh4 Qc7 30. Bf6 Qd6 31. Qg3 e5 1/2-1/2

[Event "ESP-chT1"]
[Site "Mondariz"]
[Date "2002.09.09"]
[Round "1"]
[White "Vega Holm, Fernando"]
[Black "Gonzalez Menendez, Ivan"]
[Result "1-0"]
[WhiteElo "2403"]
[BlackElo "2294"]
[PlyCount "79"]
[EventDate "2002.09.04"]
[EventType "team"]
[EventRounds "6"]
[EventCountry "ESP"]
[SourceTitle "CBM 090 Extra"]
[Source "ChessBase"]
[SourceDate "2002.11.07"]
[SourceVersion "1"]
[SourceVersionDate "2002.11.07"]
[SourceQuality "1"]

1. c4 Nf6 2. g3 g6 3. Bg2 Bg7 4. Nc3 c5 5. d3 Nc6 6. e4 d6 7. Nge2 0-0 8. 0-0 Nd4 9. Rb1 Bd7 10. Nxd4 cxd4 11. Ne2 Ne8 12. f4 b5 13. cxb5 Bxb5 14. a4 Bc6 15. b4 Rc8 16. Qb3 Kh8 17. f5 Nc7 18. fxg6 hxg6 19. Rxf7 Rxf7 20. Qxf7 Be8 21. Qa2 e5 22. b5 Qd7 23. Qd2 Qg4 24. Kh1 Ne6 25. Ng1 Qh5 26. Bf3 Qh7 27. Bg4 Bd7 28. a5 Bf6 29. Nf3 Rb8 30. b6 axb6 31. Rxb6 Rxb6 32. axb6 Nc5 33. Bxd7 Qxd7 34. Qh6+ Kg8 35. Qxg6+ Qg7 36. Qxg7+ Kxg7 37. Bg5 Bxg5 38. Nxg5 Kf6 39. h4 Ke7 40. h5 1-0

[Event "ESP-chT"]
[Site "Cala Galdana"]
[Date "2001.10.19"]
[Round "7"]
[White "Vega Holm, Fernando"]
[Black "Paramos Dominguez, Roberto"]
[Result "1/2-1/2"]
[WhiteElo "2404"]
[BlackElo "2434"]
[PlyCount "76"]
[EventDate "2001.10.13"]
[EventType "team"]
[EventRounds "9"]
[EventCountry "ESP"]
[SourceTitle "CBM 084 Extra"]
[Source "ChessBase"]
[SourceDate "2001.10.26"]
[SourceVersion "1"]
[SourceVersionDate "2001.10.26"]
[SourceQuality "1"]

1. c4 g6 2. g3 Bg7 3. Bg2 e5 4. Nc3 d6 5. d3 Nc6 6. e4 Nge7 7. Nge2 0-0 8. 0-0 Be6 9. Nd5 Qd7 10. Bg5 f6 11. Be3 f5 12. Qd2 Rf7 13. f3 Raf8 14. Rac1 Nd4 15. Nxe7+ Qxe7 16. Nxd4 exd4 17. Bg5 Qd7 18. exf5 Bxf5 19. g4 Be6 20. Rce1 Qc8 21. f4 c6 22. h3 Re8 23. Qa5 a6 24. Bh4 Bd7 25. Qb4 Bf8 26. Rxe8 Qxe8 27. Re1 Qc8 28. Qd2 Bh6 29. Bg3 Qf8 30. Rf1 Qe8 31. Re1 Qf8 32. Re4 Bg7 33. Qb4 b5 34. cxb5 axb5 35. Qe1 Bh6 36. Qf2 Bg7 37. Re2 Re7 38. Rc2 Qe8 1/2-1/2

[Event "Dos Hermanas-B"]
[Site "Dos Hermanas"]
[Date "2001.04.27"]
[Round "9"]
[White "Vega Holm, Fernando"]
[Black "Moreno Carnero, Javier"]
[Result "1/2-1/2"]
[WhiteElo "2408"]
[BlackElo "2480"]
[PlyCount "38"]
[EventDate "2001.04.19"]
[EventType "tourn"]
[EventRounds "9"]
[EventCountry "ESP"]
[EventCategory "9"]
[SourceTitle "CBM 083"]
[Source "ChessBase"]
[SourceDate "2001.07.05"]
[SourceVersion "1"]
[SourceVersionDate "2001.07.05"]
[SourceQuality "1"]

1. e4 e5 2. Nf3 Nc6 3. Bb5 a6 4. Ba4 Nf6 5. 0-0 Be7 6. Re1 b5 7. Bb3 d6 8. c3 0-0 9. h3 Na5 10. Bc2 c5 11. d4 Qc7 12. Nbd2 Nc6 13. d5 Na5 14. b3 Bd7 15. Nf1 g6 16. Ng3 Rfe8 17. Bg5 h5 18. Qd2 Nh7 19. Bxe7 Rxe7 1/2-1/2

[Event "Dos Hermanas-B"]
[Site "Dos Hermanas"]
[Date "2001.04.24"]
[Round "6"]
[White "Campora, Daniel Hugo"]
[Black "Vega Holm, Fernando"]
[Result "1-0"]
[WhiteElo "2503"]
[BlackElo "2408"]
[PlyCount "111"]
[EventDate "2001.04.19"]
[EventType "tourn"]
[EventRounds "9"]
[EventCountry "ESP"]
[EventCategory "9"]
[SourceTitle "CBM 083"]
[Source "ChessBase"]
[SourceDate "2001.07.05"]
[SourceVersion "1"]
[SourceVersionDate "2001.07.05"]
[SourceQuality "1"]

1. d4 e6 2. c4 f5 3. g3 Nf6 4. Bg2 Be7 5. Nf3 d5 6. 0-0 0-0 7. b3 c6 8. Ba3 Bd7 9. Qc1 Ne4 10. Ne5 Be8 11. Bxe7 Qxe7 12. f3 Nd6 13. Nc3 Nd7 14. Nxd7 Bxd7 15. c5 Nf7 16. f4 g5 17. Nd1 gxf4 18. gxf4 Kh8 19. Rf3 Rg8 20. Qe3 b6 21. Rc1 bxc5 22. Rxc5 Nd6 23. Qe5+ Qg7 24. Qxg7+ Rxg7 25. Rg3 Rxg3 26. hxg3 a5 27. Nb2 Nb7 28. Rc1 c5 29. dxc5 Rc8 30. Nd3 Bb5 31. Kf2 Bxd3 32. exd3 Rxc5 33. Rxc5 Nxc5 34. Ke3 Kg7 35. Kd4 Nb7 36. Kc3 Kf6 37. b4 axb4+ 38. Kxb4 Ke7 39. a4 Kd6 40. a5 Kc6 41. Bf1 Nc5 42. Kc3 Nd7 43. Kb4 Nc5 44. Be2 Na6+ 45. Kc3 Nc7 46. Kd4 Kd6 47. Kc3 Kc6 48. Bd1 Kc5 49. Ba4 d4+ 50. Kb3 Na6 51. Bd7 Kd5 52. Bb5 Nc7 53. Kb4 e5 54. Bc4+ Kd6 55. fxe5+ Kxe5 56. Kc5 1-0

[Event "Dos Hermanas-B"]
[Site "Dos Hermanas"]
[Date "2001.04.20"]
[Round "2"]
[White "Vega Holm, Fernando"]
[Black "Teran Alvarez, Ismael"]
[Result "1/2-1/2"]
[WhiteElo "2408"]
[BlackElo "2382"]
[PlyCount "28"]
[EventDate "2001.04.19"]
[EventType "tourn"]
[EventRounds "9"]
[EventCountry "ESP"]
[EventCategory "9"]
[SourceTitle "CBM 083"]
[Source "ChessBase"]
[SourceDate "2001.07.05"]
[SourceVersion "1"]
[SourceVersionDate "2001.07.05"]
[SourceQuality "1"]

1. c4 Nf6 2. g3 g6 3. Bg2 Bg7 4. Nc3 0-0 5. e4 d6 6. Nge2 c5 7. 0-0 Nc6 8. d3 a6 9. a3 Rb8 10. Rb1 b5 11. cxb5 axb5 12. b4 cxb4 13. axb4 Bd7 14. h3 e5 1/2-1/2

[Event "Seville op 26th"]
[Site "Seville"]
[Date "2001.01.18"]
[Round "7"]
[White "Vega Holm, Fernando"]
[Black "Spraggett, Kevin"]
[Result "1/2-1/2"]
[WhiteElo "2408"]
[BlackElo "2526"]
[PlyCount "89"]
[EventDate "2001.01.12"]
[EventType "swiss"]
[EventRounds "9"]
[EventCountry "ESP"]
[SourceTitle "CBM 080 Extra"]
[Source "ChessBase"]
[SourceDate "2001.03.08"]
[SourceVersion "1"]
[SourceVersionDate "2001.03.08"]
[SourceQuality "1"]

1. c4 e5 2. g3 Nc6 3. Bg2 f5 4. d3 Nf6 5. Nc3 Bb4 6. Bd2 0-0 7. a3 Bxc3 8. Bxc3 d6 9. b4 Qe8 10. Qd2 Kh8 11. Nh3 a6 12. f4 b5 13. cxb5 axb5 14. 0-0 Ra6 15. Bb2 exf4 16. Nxf4 Ne5 17. Rac1 c6 18. e4 fxe4 19. Bxe4 Bd7 20. Bg2 Qb8 21. Rce1 Ra8 22. Kh1 Qc7 23. h3 Rae8 24. g4 Qd8 25. g5 Ng8 26. Nh5 Rxf1+ 27. Rxf1 Ne7 28. Bxe5 dxe5 29. d4 Bf5 30. Rd1 Bg6 31. Ng3 Qc7 32. Qf2 Kg8 33. h4 Rf8 34. Qe3 exd4 35. Rxd4 Nd5 36. Bxd5+ cxd5 37. h5 Be4+ 38. Nxe4 dxe4 39. Rxe4 Qc6 40. Kg1 Qc2 41. Rf4 Qd1+ 42. Kg2 Rxf4 43. Qxf4 Qxh5 44. Qb8+ Kf7 45. Qxb5 1/2-1/2

[Event "ESP-chT"]
[Site "Barcelona"]
[Date "2000.08.10"]
[Round "6"]
[White "Vehi Bach, Victor Manuel"]
[Black "Vega Holm, Fernando"]
[Result "0-1"]
[WhiteElo "2454"]
[BlackElo "2408"]
[PlyCount "76"]
[EventDate "2000.08.05"]
[EventType "team"]
[EventRounds "9"]
[EventCountry "ESP"]
[SourceTitle "CBM 077 Extra"]
[Source "ChessBase"]
[SourceDate "2000.09.14"]
[SourceVersion "1"]
[SourceVersionDate "2000.09.14"]
[SourceQuality "1"]

1. e4 d5 2. exd5 Qxd5 3. Nc3 Qa5 4. d4 c6 5. Bc4 Bf5 6. Bd2 Nf6 7. Nge2 Nbd7 8. Ng3 Bg6 9. h4 h6 10. Qe2 Qc7 11. 0-0-0 e6 12. Kb1 0-0-0 13. h5 Bh7 14. Rhe1 Nb6 15. Be3 Bb4 16. Bb3 a5 17. a4 Nfd5 18. Nxd5 cxd5 19. Bd2 Kb8 20. Bxb4 axb4 21. Qb5 Rc8 22. Rc1 Qd6 23. Ka2 Rc6 24. c3 Rhc8 25. Ne2 Nxa4 26. Bxa4 Rb6 27. Qa5 b3+ 28. Bxb3 Ra6 29. Qa3 b5 30. Bd1 Rc7 31. Kb3 Rxa3+ 32. bxa3 Bd3 33. Bc2 Bc4+ 34. Kb2 Ra7 35. Ra1 Rc7 36. Ng3 Qf4 37. Nh1 Qg5 38. Ng3 Qd2 0-1

[Event "ESP-chT Div 1"]
[Site "Cala Galdana"]
[Date "1999.11.10"]
[Round "3"]
[White "Vega Holm, Fernando"]
[Black "Magem Badals, Jordi"]
[Result "0-1"]
[WhiteElo "2404"]
[BlackElo "2528"]
[PlyCount "52"]
[EventDate "1999.11.08"]
[EventType "team"]
[EventRounds "9"]
[EventCountry "ESP"]
[SourceTitle "EXT 2000"]
[Source "ChessBase"]
[SourceDate "1999.11.16"]
[SourceVersion "1"]
[SourceVersionDate "1999.11.16"]
[SourceQuality "1"]

1. c4 Nf6 2. g3 e6 3. Bg2 d5 4. Nf3 Be7 5. b3 0-0 6. Bb2 b6 7. 0-0 Bb7 8. e3 c5 9. Nc3 dxc4 10. bxc4 Nc6 11. Qe2 Qd7 12. Rfd1 Rad8 13. d4 cxd4 14. exd4 Na5 15. Ne5 Qc8 16. d5 Rfe8 17. Bh3 Bc5 18. Ne4 Nxe4 19. Qxe4 exd5 20. Qf3 Qc7 21. Qh5 d4 22. Re1 Re7 23. Rad1 Rde8 24. f4 Nxc4 25. Bxd4 Nxe5 26. fxe5 Rxe5 0-1

[Event "Seville op 24th"]
[Site "Seville"]
[Date "1999.??.??"]
[Round "9"]
[White "Suba, Mihai"]
[Black "Vega Holm, Fernando"]
[Result "1-0"]
[WhiteElo "2550"]
[BlackElo "2410"]
[PlyCount "56"]
[EventDate "1999.01.??"]
[EventType "swiss"]
[EventRounds "9"]
[EventCountry "ESP"]
[SourceTitle "EXT 2000"]
[Source "ChessBase"]
[SourceDate "1999.11.16"]
[SourceVersion "1"]
[SourceVersionDate "1999.11.16"]
[SourceQuality "1"]

1. c4 f5 2. g3 Nf6 3. d4 e6 4. Bg2 Be7 5. Nf3 0-0 6. 0-0 c6 7. b3 a5 8. c5 b6 9. cxb6 Ne4 10. Bb2 Qxb6 11. Nc3 Nxc3 12. Bxc3 Na6 13. Ne5 d5 14. Qd2 Nb8 15. Rfc1 Bd6 16. Rab1 Bxe5 17. dxe5 c5 18. Rb2 Bb7 19. Rbc2 Nd7 20. Qf4 Rfc8 21. e3 c4 22. Bd4 Qb4 23. bxc4 Rxc4 24. Rxc4 dxc4 25. Bc3 Qa3 26. Rd1 Qa4 27. Rd6 Nc5 28. Bxb7 Nxb7 1-0

[Event "Seville op 24th"]
[Site "Seville"]
[Date "1999.??.??"]
[Round "3"]
[White "Ubeda Marquez, Antonio"]
[Black "Vega Holm, Fernando"]
[Result "0-1"]
[WhiteElo "1855"]
[BlackElo "2410"]
[PlyCount "36"]
[EventDate "1999.01.??"]
[EventType "swiss"]
[EventRounds "9"]
[EventCountry "ESP"]
[SourceTitle "EXT 2000"]
[Source "ChessBase"]
[SourceDate "1999.11.16"]
[SourceVersion "1"]
[SourceVersionDate "1999.11.16"]
[SourceQuality "1"]

1. e4 e6 2. d4 d5 3. exd5 exd5 4. c4 Nf6 5. Nf3 Be7 6. Be2 0-0 7. 0-0 dxc4 8. Bxc4 Bg4 9. Be3 Nc6 10. Nbd2 Nd5 11. Rc1 Kh8 12. h3 f5 13. Bxd5 Qxd5 14. Bf4 Nxd4 15. Rxc7 Bf6 16. Kh1 Ne6 17. Rc4 b5 18. Rb4 a5 0-1

[Event "Seville op 24th"]
[Site "Seville"]
[Date "1999.??.??"]
[Round "2"]
[White "Vega Holm, Fernando"]
[Black "Conde Abuin, Manuel"]
[Result "1-0"]
[WhiteElo "2410"]
[BlackElo "2040"]
[PlyCount "75"]
[EventDate "1999.01.??"]
[EventType "swiss"]
[EventRounds "9"]
[EventCountry "ESP"]
[SourceTitle "EXT 2000"]
[Source "ChessBase"]
[SourceDate "1999.11.16"]
[SourceVersion "1"]
[SourceVersionDate "1999.11.16"]
[SourceQuality "1"]

1. e4 e6 2. d4 d5 3. exd5 exd5 4. Nf3 Bd6 5. c4 dxc4 6. Bxc4 Nf6 7. 0-0 0-0 8. h3 Nc6 9. Nc3 Nh5 10. Bg5 Qd7 11. Re1 Nf4 12. Re4 Nxg2 13. Rg4 h5 14. Rxg2 Qxh3 15. Bf1 Bg4 16. Rg3 Bxf3 17. Qxf3 Qd7 18. Bh3 f5 19. Rg2 Nxd4 20. Qxh5 Qc6 21. Rd1 Qf3 22. Qxf3 Nxf3+ 23. Kf1 Rae8 24. Be3 Re6 25. Ke2 Ne5 26. Rgg1 Nc4 27. b3 Nxe3 28. fxe3 Rfe8 29. Rd3 Re5 30. Nd5 Kf7 31. Kf3 Rh8 32. Bf1 Rh2 33. a4 c6 34. Nf4 Bc5 35. Rc3 Kf6 36. Rg6+ Kf7 37. Bc4+ Kf8 38. Re6 1-0

[Event "Seville op 24th"]
[Site "Seville"]
[Date "1999.??.??"]
[Round "6"]
[White "Vega Holm, Fernando"]
[Black "Durao, Joaquim Manuel"]
[Result "1-0"]
[WhiteElo "2410"]
[BlackElo "2170"]
[PlyCount "61"]
[EventDate "1999.01.??"]
[EventType "swiss"]
[EventRounds "9"]
[EventCountry "ESP"]
[SourceTitle "EXT 2000"]
[Source "ChessBase"]
[SourceDate "1999.11.16"]
[SourceVersion "1"]
[SourceVersionDate "1999.11.16"]
[SourceQuality "1"]

1. e4 e5 2. f4 exf4 3. Nf3 Be7 4. Bc4 Nf6 5. e5 Ng4 6. d4 d5 7. exd6 Bxd6 8. Qe2+ Kf8 9. 0-0 Nc6 10. Nc3 Bf5 11. Bd2 Qf6 12. Rae1 Nxd4 13. Nxd4 Qxd4+ 14. Kh1 g5 15. Nb5 Qb6 16. Bc3 f6 17. h3 h5 18. Bd4 c5 19. Qf3 cxd4 20. Nxd6 Bg6 21. Qa3 Kg7 22. Re7+ Kh6 23. hxg4 hxg4 24. Bd3 Bxd3 25. cxd3 Kg6+ 26. Kg1 Rh5 27. Kf2 f3 28. gxf3 gxf3 29. Ke1 Qc6 30. Nc4 g4 31. Qd6 1-0

[Event "Young Masters 6th"]
[Site "Loures"]
[Date "1998.12.03"]
[Round "2"]
[White "Kovacevic, Slobodan"]
[Black "Vega Holm, Fernando"]
[Result "0-1"]
[WhiteElo "2420"]
[BlackElo "2410"]
[PlyCount "96"]
[EventDate "1998.12.07"]
[EventType "tourn"]
[EventRounds "11"]
[EventCountry "POR"]
[EventCategory "2"]
[SourceTitle "CBM 067 Extra"]
[Source "ChessBase"]
[SourceDate "1999.01.01"]
[SourceVersion "1"]
[SourceVersionDate "1999.01.01"]
[SourceQuality "1"]

1. d4 Nf6 2. Nf3 g6 3. c3 Bg7 4. Bg5 0-0 5. Nbd2 d6 6. e4 h6 7. Bh4 c5 8. dxc5 dxc5 9. Be2 Nc6 10. 0-0 Nh5 11. Re1 Qc7 12. Qc2 Be6 13. Nc4 Bxc4 14. Bxc4 Ne5 15. Be2 Nf4 16. Bg3 Nxe2+ 17. Qxe2 Nxf3+ 18. Qxf3 Qb6 19. Qe2 Rfd8 20. Rad1 c4 21. Bf4 Qa6 22. a3 Rd3 23. Rxd3 cxd3 24. Qd2 Rd8 25. Be3 e5 26. f3 Kh7 27. Rd1 f5 28. exf5 gxf5 29. Qf2 Qa4 30. Rd2 b6 31. Qf1 Qc4 32. g3 Qd5 33. Rf2 Bf8 34. Qh3 Qe6 35. Rd2 Bc5 36. Bf2 Rd6 37. Kf1 e4 38. Bxc5 bxc5 39. fxe4 fxe4 40. Qxe6 Rxe6 41. c4 Kg6 42. b4 Kf5 43. Rf2+ Ke5 44. Rf7 e3 45. Rxa7 Rf6+ 46. Ke1 d2+ 47. Ke2 Rd6 48. Re7+ Kf6 0-1

[Event "ESP-chT"]
[Site "Ponferrada"]
[Date "1997.??.??"]
[Round "5"]
[White "Garcia Ilundain, David"]
[Black "Vega Holm, Fernando"]
[Result "1-0"]
[WhiteElo "2495"]
[BlackElo "2420"]
[PlyCount "73"]
[EventDate "1997.08.29"]
[EventType "team"]
[EventRounds "9"]
[EventCountry "ESP"]
[SourceTitle "CBM 060 Extra"]
[Source "ChessBase"]
[SourceDate "1997.11.04"]
[SourceVersion "1"]
[SourceVersionDate "1997.11.04"]
[SourceQuality "1"]

1. Nf3 e6 2. c4 f5 3. g3 Nf6 4. Bg2 Be7 5. 0-0 0-0 6. d3 Nc6 7. Nc3 d6 8. Rb1 Qe8 9. b4 Qh5 10. b5 Nd8 11. d4 Nf7 12. e3 g5 13. Ne1 Qxd1 14. Nxd1 a6 15. bxa6 Rxa6 16. Bxb7 Rxa2 17. Nc3 Ra7 18. Bc6 Nd8 19. Bg2 Bb7 20. Nb5 Bxg2 21. Nxa7 Bxf1 22. Kxf1 Kf7 23. Nd3 h5 24. Bd2 Rh8 25. Ba5 h4 26. gxh4 Ne8 27. hxg5 Rxh2 28. Kg1 Rh8 29. f4 Rh3 30. Bd2 e5 31. Kg2 Rh8 32. dxe5 Ne6 33. Nc6 Bf8 34. Bc3 Rh4 35. exd6 Nxd6 36. Nde5+ Kg8 37. Rb8 1-0

[Event "ESP-chT"]
[Site "Ponferrada"]
[Date "1997.??.??"]
[Round "3"]
[White "Garcia Padron, Jose"]
[Black "Vega Holm, Fernando"]
[Result "1-0"]
[WhiteElo "2440"]
[BlackElo "2420"]
[PlyCount "65"]
[EventDate "1997.08.29"]
[EventType "team"]
[EventRounds "9"]
[EventCountry "ESP"]
[SourceTitle "CBM 060 Extra"]
[Source "ChessBase"]
[SourceDate "1997.11.04"]
[SourceVersion "1"]
[SourceVersionDate "1997.11.04"]
[SourceQuality "1"]

1. e4 e6 2. d3 d5 3. Qe2 dxe4 4. dxe4 e5 5. Nf3 Nc6 6. c3 Nf6 7. Qc2 h6 8. Nbd2 Bd6 9. b4 Ne7 10. Nc4 Ng6 11. Be2 0-0 12. 0-0 b6 13. Re1 Bb7 14. Bf1 Re8 15. a4 Bf8 16. g3 Qc8 17. Nfd2 Nh7 18. h3 a6 19. Ne3 Ng5 20. Kh2 Bxe4 21. Nxe4 Nf3+ 22. Kh1 Nxe1 23. Qd1 f5 24. Bc4+ Kh8 25. Ng5 Qb7+ 26. Bd5 c6 27. Bb3 f4 28. Qh5 Ne7 29. Ng4 c5+ 30. f3 g6 31. Nf7+ Kh7 32. Nf6+ Kg7 33. Qxh6+ 1-0

[Event "ESP-chT"]
[Site "Ponferrada"]
[Date "1997.??.??"]
[Round "8"]
[White "Vega Holm, Fernando"]
[Black "Bellon Lopez, Juan Manuel"]
[Result "1-0"]
[WhiteElo "2420"]
[BlackElo "2440"]
[PlyCount "97"]
[EventDate "1997.08.29"]
[EventType "team"]
[EventRounds "9"]
[EventCountry "ESP"]
[SourceTitle "CBM 060 Extra"]
[Source "ChessBase"]
[SourceDate "1997.11.04"]
[SourceVersion "1"]
[SourceVersionDate "1997.11.04"]
[SourceQuality "1"]

1. e4 c5 2. c3 Qa5 3. g3 g6 4. Bg2 Bg7 5. d3 d6 6. f4 Nc6 7. Nf3 e6 8. 0-0 Nge7 9. Be3 0-0 10. Nbd2 Rb8 11. d4 cxd4 12. Nb3 Qa4 13. Nbxd4 Qxd1 14. Rfxd1 d5 15. e5 Bd7 16. Nxc6 bxc6 17. b4 Rb7 18. Bc5 Re8 19. a4 Bf8 20. g4 Nc8 21. Rab1 a5 22. Bxf8 Kxf8 23. bxa5 Ra7 24. Bf1 Rxa5 25. Rb7 Re7 26. Nd4 Ra7 27. Rb8 Re8 28. Nb3 Ne7 29. Rxe8+ Kxe8 30. a5 g5 31. fxg5 Ng6 32. Re1 c5 33. Nxc5 Rxa5 34. Nxd7 Kxd7 35. Bd3 Nf4 36. Bf1 Ra3 37. Re3 Ke7 38. Kf2 Kf8 39. h4 Ng6 40. h5 Ne7 41. Bb5 Nc8 42. Rf3 Kg7 43. Kg3 Ra5 44. Bd3 Ra7 45. Kh4 Nb6 46. Rf4 Kf8 47. Bxh7 Nc4 48. g6 Nxe5 49. h6 1-0

[Event "ESP-chT"]
[Site "Ponferrada"]
[Date "1997.??.??"]
[Round "2"]
[White "Vega Holm, Fernando"]
[Black "Gonzalez Velez, Fermin"]
[Result "1/2-1/2"]
[WhiteElo "2420"]
[BlackElo "2395"]
[PlyCount "161"]
[EventDate "1997.08.29"]
[EventType "team"]
[EventRounds "9"]
[EventCountry "ESP"]
[SourceTitle "CBM 060 Extra"]
[Source "ChessBase"]
[SourceDate "1997.11.04"]
[SourceVersion "1"]
[SourceVersionDate "1997.11.04"]
[SourceQuality "1"]

1. e4 g6 2. d4 Bg7 3. c3 d6 4. f4 Nf6 5. Bd3 e5 6. Nf3 exd4 7. cxd4 d5 8. e5 Ne4 9. Nc3 f5 10. 0-0 c6 11. Qb3 Qe7 12. Be3 Be6 13. Rac1 0-0 14. Bxe4 dxe4 15. d5 cxd5 16. Ng5 Rd8 17. Rfd1 Nc6 18. Nxd5 Bxd5 19. Rxd5 Kh8 20. Rd6 Rf8 21. Bc5 Nxe5 22. Re6 Qd7 23. Bxf8 Rxf8 24. fxe5 Qd2 25. Nf7+ Rxf7 26. Rd1 Qe2 27. Re8+ Rf8 28. Rxf8+ Bxf8 29. h3 Bc5+ 30. Kh1 Kg7 31. Qd5 b6 32. e6 f4 33. Qd7+ Kh6 34. e7 f3 35. Qd2+ Qxd2 36. Rxd2 fxg2+ 37. Rxg2 Bxe7 38. Re2 Bf6 39. b3 Kg5 40. Rxe4 Kf5 41. Ra4 a5 42. Kg2 Be5 43. Kf3 h5 44. Rc4 Bf6 45. Rc6 Bd4 46. Rc4 Bc5 47. Re4 g5 48. Rc4 Bd6 49. Rd4 Ke5 50. Rd2 b5 51. Rd1 a4 52. Re1+ Kd5 53. bxa4 bxa4 54. Re4 a3 55. Ra4 Bc5 56. Ke2 Ke5 57. Kd3 Bd6 58. Ke2 Bc5 59. Kf3 Kd5 60. Ke2 Ke5 61. Ra8 Kf4 62. Rh8 h4 63. Rg8 Be7 64. Rg7 Bc5 65. Rg8 Be7 66. Kf2 Bc5+ 67. Kg2 Be3 68. Rc8 Bd4 69. Ra8 Bb2 70. Kf2 Bd4+ 71. Ke2 Bb2 72. Ra4+ Kg3 73. Rg4+ Kxh3 74. Rxg5 Bf6 75. Rg6 Be5 76. Kf3 Kh2 77. Kg4 Kg2 78. Kxh4+ Kf3 79. Kg5 Ke4 80. Re6 Kd5 81. Kf5 1/2-1/2

[Event "ESP-chT"]
[Site "Oropesa del Mar"]
[Date "1996.??.??"]
[Round "8"]
[White "Franco Ocampos, Zenon"]
[Black "Vega Holm, Fernando"]
[Result "1/2-1/2"]
[WhiteElo "2470"]
[BlackElo "2355"]
[PlyCount "69"]
[EventDate "1996.??.??"]
[EventType "team"]
[EventRounds "9"]
[EventCountry "ESP"]
[SourceTitle "EXT 1998"]
[Source "ChessBase"]
[SourceDate "1997.11.17"]
[SourceVersion "1"]
[SourceVersionDate "1997.11.17"]
[SourceQuality "1"]

1. c4 e6 2. Nf3 f5 3. g3 Nf6 4. Bg2 Be7 5. 0-0 0-0 6. b3 Ne4 7. Bb2 Bf6 8. Qc2 d6 9. d3 Bxb2 10. Qxb2 Nf6 11. d4 Qe8 12. Nc3 Qh5 13. Qc2 Nc6 14. d5 Nb4 15. Qd2 e5 16. a3 Na6 17. b4 f4 18. gxf4 exf4 19. c5 dxc5 20. b5 Nb8 21. Rfd1 Bh3 22. Qxf4 Bxg2 23. Kxg2 Nbd7 24. d6 cxd6 25. Rxd6 Nb6 26. Qg5 Rad8 27. Qxh5 Nxh5 28. Rad1 Nf4+ 29. Kf1 Rde8 30. e3 Ng6 31. Ke2 Nf4+ 32. Kf1 Ng6 33. Kg2 Nc4 34. R6d5 b6 35. Rd7 1/2-1/2

[Event "ESP-chT"]
[Site "Oropesa del Mar"]
[Date "1996.??.??"]
[Round "2"]
[White "Vega Holm, Fernando"]
[Black "Magem Badals, Jordi"]
[Result "1/2-1/2"]
[WhiteElo "2355"]
[BlackElo "2570"]
[PlyCount "76"]
[EventDate "1996.??.??"]
[EventType "team"]
[EventRounds "9"]
[EventCountry "ESP"]
[SourceTitle "EXT 1998"]
[Source "ChessBase"]
[SourceDate "1997.11.17"]
[SourceVersion "1"]
[SourceVersionDate "1997.11.17"]
[SourceQuality "1"]

1. e4 c5 2. Nf3 Nc6 3. Bb5 g6 4. 0-0 Bg7 5. c3 Nf6 6. Re1 0-0 7. h3 e5 8. d3 d6 9. Nbd2 a6 10. Ba4 b5 11. Bc2 h6 12. a4 Bb7 13. Nf1 d5 14. Ng3 d4 15. axb5 axb5 16. Rxa8 Bxa8 17. cxd4 cxd4 18. Bd2 Nd7 19. h4 Kh7 20. h5 Nc5 21. b4 Na6 22. Bb3 Qe7 23. hxg6+ fxg6 24. Kh2 Ncxb4 25. Qe2 Nc6 26. Rh1 Nc5 27. Bd5 Ne6 28. Bxe6 Qxe6 29. Kg1 Qe7 30. Qd1 Bb7 31. Qc1 h5 32. Ng5+ Kg8 33. Qb2 Nd8 34. Qxb5 Bh6 35. Nf3 Bxd2 36. Nxd2 Qe8 37. Qc5 Ba6 38. Nf3 Nc6 1/2-1/2

[Event "Santiago op"]
[Site "Santiago de Compostela"]
[Date "1995.??.??"]
[Round "?"]
[White "Campos Moreno, Javier B"]
[Black "Vega Holm, Fernando"]
[Result "0-1"]
[WhiteElo "2455"]
[BlackElo "2335"]
[PlyCount "72"]
[EventDate "1995.??.??"]
[EventType "swiss"]
[EventRounds "9"]
[EventCountry "ESP"]
[SourceTitle "EXT 1998"]
[Source "ChessBase"]
[SourceDate "1997.11.17"]
[SourceVersion "1"]
[SourceVersionDate "1997.11.17"]
[SourceQuality "1"]

1. d4 Nf6 2. c4 e5 3. dxe5 Ne4 4. Nf3 Bb4+ 5. Nbd2 Nc6 6. e3 Qe7 7. Be2 b6 8. 0-0 Nxd2 9. Bxd2 Bxd2 10. Qxd2 Bb7 11. Qc3 0-0-0 12. Rac1 Rhe8 13. c5 Kb8 14. Rfd1 g5 15. Nd4 Rc8 16. Bf3 Nxe5 17. Bxb7 Kxb7 18. Qb3 Qf6 19. cxb6 axb6 20. Nb5 Qd8 21. Qd5+ Kb8 22. Rc3 c6 23. Qd6+ Kb7 24. Rdc1 Re6 25. Qa3 Ra8 26. Nd6+ Kc7 27. Nb5+ Kb8 28. Qb3 cxb5 29. Qxb5 Ra5 30. Qb4 Rc6 31. Qe4 Qc7 32. f4 gxf4 33. exf4 Rxc3 34. Rxc3 Nc6 35. a3 Qd6 36. Rd3 Qe6 0-1